Engineering mathematics, Vol 2 / (Record no. 9138)
[ view plain ]
| 000 -LEADER | |
|---|---|
| fixed length control field | 01107cam a2200469ua 4500 |
| 041 ## - LANGUAGE CODE | |
| Language code of text/sound track or separate title | eng |
| 082 ## - DEWEY DECIMAL CLASSIFICATION NUMBER | |
| Classification number | 519.062 |
| Item number | VEN/EN |
| 100 ## - MAIN ENTRY--AUTHOR NAME | |
| Personal name | Venkataraman, M K . |
| 245 ## - TITLE STATEMENT | |
| Title | Engineering mathematics, Vol 2 / |
| 250 ## - EDITION STATEMENT | |
| Edition statement | 2 / |
| 260 ## - PUBLICATION, DISTRIBUTION, ETC. (IMPRINT) | |
| Place of publication | Chennai : |
| Name of publisher | The National Publishing Co , |
| Year of publication | 1985. |
| 300 ## - PHYSICAL DESCRIPTION | |
| Number of Pages | 685 ; . |
| 942 ## - ADDED ENTRY ELEMENTS (KOHA) | |
| Koha item type | Books |
| Withdrawn status | Lost status | Damaged status | Home library | Current library | Date acquired | Full call number | Accession Number | Koha item type |
|---|---|---|---|---|---|---|---|---|
| KAUAET | KAUAET | 02/10/1986 | 519.062 VEN/EN | 14812 | Books | |||
| KAUAET | KAUAET | 19/03/1986 | 519.062 VEN/EN | 15097 | Books | |||
| KAUAET | KAUAET | 19/03/1986 | 519.062 VEN/EN | 15096 | Books | |||
| KAUAET | KAUAET | 19/03/1986 | 519.062 VEN/EN | 15086 | Books | |||
| KAUAET | KAUAET | 02/10/1986 | 519.062 VEN/EN | 14811 | Books | |||
| KAUAET | KAUAET | 02/10/1986 | 519.062 VEN/EN | 14813 | Books | |||
| KAUAET | KAUAET | 02/10/1986 | 519.062 VEN/EN | 14810 | Books | |||
| KAUAET | KAUAET | 19/03/1986 | 519.062 VEN/EN | 15092 | Books | |||
| KAUAET | KAUAET | 19/03/1986 | 519.062 VEN/EN | 15103 | Books | |||
| KAUAET | KAUAET | 19/03/1986 | 519.062 VEN/EN | 15098 | Books | |||
| KAUAET | KAUAET | 19/03/1986 | 519.062 VEN/EN | 15099 | Books | |||
| KAUAET | KAUAET | 19/03/1986 | 519.062 VEN/EN | 15093 | Books | |||
| KAUAET | KAUAET | 19/03/1986 | 519.062 VEN/EN | 15104 | Books | |||
| KAUAET | KAUAET | 19/03/1986 | 519.062 VEN/EN | 15102 | Books | |||
| Withdrawn | KAUAET | KAUAET | 19/03/1986 | 519.062 VEN/EN | 15091 | Books | ||
| KAUAET | KAUAET | 19/03/1986 | 519.062 VEN/EN | 15095 | Books | |||
| Withdrawn | KAUAET | KAUAET | 19/03/1986 | 519.062 VEN/EN | 15094 | Books | ||
| KAUAET | KAUAET | 19/03/1986 | 519.062 VEN/EN | 15100 | Books | |||
| KAUAET | KAUAET | 19/03/1986 | 519.062 VEN/EN | 15101 | Books | |||
| KAUAET | KAUAET | 19/03/1986 | 519.0624 VEN/EN | 15090 | Books | |||
| KAUAET | KAUAET | 19/03/1986 | 519.062 VEN/EN | 15088 | Books | |||
| KAUAET | KAUAET | 19/03/1986 | 519.062 VEN/EN | 15089 | Books | |||
| KAUAET | KAUAET | 19/03/1986 | 519.062 VEN/EN | 15087 | Books | |||
| KAUAET | KAUAET | 19/03/1986 | 519.062 VEN/EN | 15085 | Books | |||
| Withdrawn | KAUAET | Sanskrit University | 19/03/1986 | 519.062 VEN/EN | 15105 | Books |
